Charli xcx - True Romance - Statistics

General Stats
  • This quiz has been taken 8 times
  • The average score is 9 of 13
Answer Stats
2013 True Romance % Correct
10 Black Roses
100%
1 Nuclear Seasons
100%
2 You (Ha Ha Ha)
100%
6 Grins
83%
7 So Far Away
83%
9 What I Like
83%
5 Set Me Free (Feel My Pain)
67%
11 You're the One
67%
8 Cloud Aura (feat. Brooke Candy)
50%
12 How Can I
50%
4 Stay Away
50%
3 Take My Hand
50%
13 Lock You Up
33%
No matching quizzes found
Score Distribution
Percent of People with Each Score
Percentile by Number Answered
Your Score History
You have not taken this quiz